| 000 | 00571nmm a2200169Ia 4500 | ||
|---|---|---|---|
| 008 | 251105s9999||||xx |||||||||||||||||und|| | ||
| 020 | _a8497421965 | ||
| 041 | _aspa | ||
| 100 | _aMárquez Padorno, Margarita | ||
| 245 | 0 |
_aLa Agrupación al Servicio de la República. : _b La acción de los intelectuales en la génesis de un nuevo Estado. |
|
| 264 |
_a[Madrid, España] : _bBiblioteca Nueva, _c2003 |
||
| 300 | _a269 páginas | ||
| 490 | _aEl Arquero | ||
| 650 | _aHistory of Europe: Spain | ||
| 856 | _uhttps://public.digitaliapublishing.com/a/5023 | ||
| 942 | _cCF | ||
| 999 |
_c74102 _d74102 |
||